La impronta espacial - temporal en el análisis social clásico (Registro nro. 6955)

Detalles MARC
000 -LEADER
fixed length control field 01094 a2200241 4500
001 - CONTROL NUMBER
control field 60386
005 - DATE AND TIME OF LATEST TRANSACTION
control field 20260407155854.0
008 - FIXED-LENGTH DATA ELEMENTS--GENERAL INFORMATION
fixed length control field 260407a2007 arg spa d
003 - CONTROL NUMBER IDENTIFIER
control field AR-UNSa-BCEJYS
040 ## - CATALOGING SOURCE
Original cataloging agency AR-UNSa-BCEJYS
Language of cataloging spa
Transcribing agency AR-UNSa-BCEJYS
080 ## - UNIVERSAL DECIMAL CLASSIFICATION NUMBER
Universal Decimal Classification number 316.2
Common auxiliary subdivision Puntos de vista y corrientes sociológicas
020 ## - INTERNATIONAL STANDARD BOOK NUMBER
International Standard Book Number 978-950-786-208-3
041 ## - LANGUAGE CODE
Language code of text/sound track or separate title spa
100 1# - MAIN ENTRY--PERSONAL NAME
Personal name Lucchini, Cristina
245 10 - TITLE STATEMENT
Title La impronta espacial - temporal en el análisis social clásico
264 #1 - PRODUCTION, PUBLICATION, DISTRIBUTION, MANUFACTURE, AND COPYRIGHT NOTICE
Place of production, publication, distribution, manufacture Buenos Aires :
Name of producer, publisher, distributor, manufacturer Biblos
Date of production, publication, distribution, manufacture, or copyright notice 2007
300 ## - PHYSICAL DESCRIPTION
Extent 119 p.
505 ## - FORMATTED CONTENTS NOTE
Formatted contents note 1. De la comunidad estamental a la sociedad de clases - 2. El proceso de industrialización y la consolidación del capitalismo – 3. La “física social positivista – 4. La revolución conceptual del materialismo histórico – 5. La visión “organicista” de la integración social y de la división del trabajo en Émile Durkheim – 6. La sociología comprensiva y la racionalidad en Max Weber -
590 ## - LOCAL NOTE (RLIN)
Local note niveau_biblio:m niveau_hierar:0
700 1# - ADDED ENTRY--PERSONAL NAME
Personal name Siffredi, Liliana
700 1# - ADDED ENTRY--PERSONAL NAME
Personal name Labiaguerre, Juan
942 ## - ADDED ENTRY ELEMENTS (KOHA)
Koha item type
Existencias
Withdrawn status Lost status Damaged status Not for loan Home library Current library Shelving location Date acquired Total checkouts Full call number Barcode Date last seen Price effective from Koha item type Public note
        Biblioteca Prof. Eusebio Cleto del Rey Biblioteca Prof. Eusebio Cleto del Rey   07/04/2026   316.2 L934 L129142 07/04/2026 07/04/2026 Libro HÚMEDO EN EL CANTO SUPERIOR -